The 'B' Quiz - General Knowledge - Statistics

General Stats
  • This quiz has been taken 77 times
  • The average score is 12 of 20
Answer Stats
Hint Answer % Correct
14) Preferred food of the Giant Panda is? Bamboo
95%
9) George Herman Ruth, baseballer, was known as **** Ruth? Babe
88%
11) After London, what is the greatest populated city in the UK? Birmingham
86%
3) Who composed the 'Eroica Symphony' in 1805? Beethoven
83%
15) Siddhartha Gautama born in Nepal, is better known as ? Buddha
80%
17) Pawn / King / Queen / Knight / Castle - in Chess, what is missing? Bishop
78%
12) What iconic wooden wing-like weapon originated in Australia? Boomerang
78%
20) Name the sea that lies between Sweden and Latvia? Baltic
73%
5) The capital of the US State of Idaho is? Boise
72%
19) The famous Ballet Company in Moscow is named The ******* Ballet? Bolshoi
64%
1) The only island shared by 3 countries is? Borneo
63%
13) Which winter sport combines cross-country skiing and rifle shooting ? Biathlon
56%
10) The main ingredient of Borscht, the East European meal is? Beetroot
50%
16) Which country starting with 'B' has the lowest population? Barbados
48%
4) A velocipede was an early form of what ? Bicycle
42%
7) The Dachshund dog was bred to hunt which animal? Badger
41%
6) The element No. 4 on the Periodic Table is? Beryllium
38%
2) The capital city of the Central African Republic is? Bangui
34%
8) Which samba dance form originated in Rio? Bossa Nova
20%
18) 2948 km length the worlds longest river beginning with 'B' what is it? Brahmaputra
13%
No matching quizzes found
Score Distribution
Percent of People with Each Score
Percentile by Number Answered
Your Score History
You have not taken this quiz